Statistiche per Riconosci la Città - Stati Uniti

Clicka qui per fare il quiz!

Statistiche generali

  • Questo quiz è stato fatto 100 volte
  • Il punteggio medio è 8 su 20

Statistiche sulle risposte

Risposta% Corretto
New York
99%
San Francisco
82%
Seattle
79%
Washington D.C.
78%
Las Vegas
77%
Miami
65%
Orlando
54%
Chicago
42%
Los Angeles
42%
Philadelphia
36%
New Orleans
32%
Boston
29%
Honolulu
26%
Dallas
22%
Anchorage
19%
Detroit
19%
Saint Louis
17%
Atlanta
14%
Denver
8%
Phoenix
8%

Distribuzione punteggi

Percentile per numero di risposta

Percentuale di utenti per punteggio

I tuoi punteggi nel tempo

Non hai fatto questo quiz